[Event "ROM-ch U16"]
[Site "Voineasa"]
[Date "2010.04.14"]
[Round "9"]
[White "Bogdan, Horia Daniel"]
[Black "Bujanca, Horia Mihai"]
[Result "0-1"]
[WhiteElo "1804"]
[BlackElo "1511"]
[PlyCount "74"]
[EventDate "2010.04.08"]
[EventType "swiss"]
[EventRounds "9"]
[EventCountry "ROU"]
[SourceTitle "EXT 2020"]
[Source "ChessBase"]
[SourceDate "2019.10.17"]
[SourceVersion "1"]
[SourceVersionDate "2019.10.17"]
[SourceQuality "1"]

1. d4 f5 2. Bg5 d6 3. e3 Nd7 4. Bd3 g6 5. Bxf5 Nb6 6. Bd3 Nf6 7. Nd2 Bg7 8. Ngf3 c6 9. Qe2 Qc7 10. 0-0 Bg4 11. h3 Bd7 12. Nc4 0-0-0 13. Nxb6+ Qxb6 14. c3 h6 15. Bxf6 Bxf6 16. Bxg6 Rhg8 17. Bc2 Rg7 18. h4 h5 19. Ng5 Bxg5 20. hxg5 Rgg8 21. Bh7 Rh8 22. Bg6 h4 23. f4 h3 24. g3 c5 25. Rf2 d5 26. Bf5 e6 27. Bg4 Be8 28. Rh2 Qd6 29. Rxh3 Rxh3 30. Bxh3 Bg6 31. Qf2 Rh8 32. Bg2 Qe7 33. Bf3 Kb8 34. Qg2 Qh7 35. Rf1 Bf5 36. Rf2 Bh3 37. Qh2 Qb1+ 0-1